000 01078nam a2200361 a 4500
999 _c1021
_d1021
005 20200513171522.0
008 140224b1997 -Us||||| |||| 00| 0 eng d
020 _a1559635002
040 _aCO-BoIAVH
_cCO-BoIAVH
041 _aeng
044 _ack
082 _a333.9528
_bG85b
100 _aGrifo, Francesca
_eeditora
245 _aBiodiversity and human health
260 _aWashington
_bIsland Press
_c1997
300 _a379 páginas
650 1 4 _aBiodiversidad
650 1 4 _aSalud humana
650 1 4 _aEtnobotánica
650 1 4 _aMedio ambiente
650 1 4 _aDesarrollo económico
650 1 4 _aEnfermedades
650 1 4 _aUso sostenible
650 1 4 _aMonitoreo ecológico
650 1 4 _aSinergias
650 1 4 _aProductos naturales
650 1 4 _aBioquímica
650 1 4 _aConocimiento tradicional
650 1 4 _aConservación de biodiversidad
650 1 4 _aPlantas medicinales
700 _aRosenthal, Joshua
_eeditor
942 _cLIBRO
_2ddc